000 00678nam a2200193Ia 4500
003 GCL
008 140319s9999 xx 000 0 ara d
040 _aGCL /
_cGCL
082 0 4 _a613.26
_bا ش
100 1 _aابوالفداء محمد عزت محمد عارف
245 1 0 _aشجرة المعجزات: التمر وفوائده الطبية /
_cابوالفداء محمد عزت محمد عارف
260 _a[S.N] :
_bالمؤلف
300 _a86 ص
490 _aالهيئة العامة للاستعلامات
_v0
650 0 4 _aالبلح
650 0 4 _aالصحة الشخصية
650 0 4 _aالنخيل فى الدين والفولكلور
942 _2ddc
_cBK
999 _c55830
_d55830